Catalog

Record Details

Catalog Search



Available copies

  • 1 of 1 copy available at Headquarters.

Current holds

0 current holds with 1 total copy.

Location Call Number / Copy Notes Barcode Shelving Location Status Due Date
Osu Library 201 300/MCG 0000002683355 300 - Social Issues, Fairy Tales, Folk Tales Available -

Record details

  • ISBN: 9780078257926
  • Physical Description: PAPERBACK
  • Publisher: COLUMBUS MCGRAW-HILL COMPANIES. INC.
Subject: MANUAL
LDR 00620cam a2200205Ka 4500
00186074
003HQ
00520221109123831.0
008070101s a br 1 eng d
020 . ‡a9780078257926
037 . ‡aKORLE KLOTTEY MUNICIPAL ASSSEMBLY
08204. ‡a300/MCG
100 . ‡aGLENCOE MCGRAW-HILL
245 . ‡aWRITER'S GUIDEBOOK
260 . ‡aCOLUMBUS ‡bMCGRAW-HILL COMPANIES. INC.
300 . ‡aPAPERBACK
650 . ‡aMANUAL
901 . ‡a86074 ‡bAUTOGEN ‡c86074 ‡tbiblio

Additional Resources